Sir Thomas Spencer's Chinese seal /

The discovery of an ancient Chinese seal in an Oxfordshire garden three centuries ago still provokes interest. This note examines how the seal came to be published by Dr Robert Plot, and what it might have represented.

Detalles Bibliográficos
Autor principal: Hammond, Norman
Otros Autores: Wang Xiao-Hui (coaut.)
Formato: Analitica de revista
Lenguaje:inglés
Materias:

MARC

LEADER 00000cab a2200000 a 4500
001 025460
003 UAHC_CL
005 20180807114039.0
008 050614b xx j 000 1 eng
952 |0 0  |1 0  |4 0  |6 ANTIQUITY_277_98_000000000000000  |7 0  |8 General  |9 51623  |a BC  |b BC  |c General  |d 2017-08-03  |l 0  |o ANTIQUITY-277/98  |p FICTICIO443  |r 2019-01-08 00:00:00  |t 1  |w 2017-08-03  |y REVA 
999 |c 25460  |d 25460 
040 |a UAHC_CL  |c UAHC_CL  |d UAHC_CL 
100 1 |a Hammond, Norman 
245 1 0 |a Sir Thomas Spencer's Chinese seal /  |c Norman Hammond and Wang Xiao-Hui. 
500 |a Antiquity 72 (1999): 550Ð553 
520 |a The discovery of an ancient Chinese seal in an Oxfordshire garden three centuries ago still provokes interest. This note examines how the seal came to be published by Dr Robert Plot, and what it might have represented. 
650 4 |a CULTURA  |z CHINA 
653 |a ANTROPOLOGIA 
700 1 |a Wang Xiao-Hui  |e coaut. 
773 0 |t Anthropology Today.  |w 025359 
900 |a ANTIQUITY-277/98 
942 |c REVA  |2 ddc